Мнимая садовница (Запись № 10896126)

Подробности
000 -МАРКЕР
контрольное поле 02470ncm0a2200445 4500
001 - ИДЕНТИФИКАТОР ЗАПИСИ
контрольное поле RU\NLR\ONIZ\224486
005 - ИДЕНТИФИКАТОР ВЕРСИИ
контрольное поле 20250626145747.0
010 ## - МЕЖДУНАРОДНЫЙ СТАНДАРТНЫЙ НОМЕР КНИГИ (ISBN)
Номер (ISBN) 978-5-8114-3274-5
Уточнения Лань
010 ## - МЕЖДУНАРОДНЫЙ СТАНДАРТНЫЙ НОМЕР КНИГИ (ISBN)
Номер (ISBN) 978-5-91938-589-9
Уточнения Планета музыки
013 ## - МЕЖДУНАРОДНЫЙ СТАНДАРТНЫЙ НОМЕР ИЗДАНИЯ МУЗЫКАЛЬНОГО ПРОИЗВЕДЕНИЯ (ISMN)
Номер (ISMN) 979-0-66005-303-4
Уточнения Планета музыки
035 ## - ДРУГИЕ СИСТЕМНЫЕ НОМЕРА
Идентификатор записи (NLR Aleph) 011903555
100 ## - ДАННЫЕ ОБЩЕЙ ОБРАБОТКИ
Данные общей обработки 20181116d2018 |||y0rusy50 ca
101 0# - ЯЗЫК РЕСУРСА
Язык текста, звукозаписи и т.д. русский
102 ## - СТРАНА ПУБЛИКАЦИИ ИЛИ ПРОИЗВОДСТВА
Страна публикации Российская Федерация
125 ## - ПОЛЕ КОДИРОВАННЫХ ДАННЫХ: ЗВУКОЗАПИСИ И НОТНЫЕ ИЗДАНИЯ
Форма изложения нотного текста zx
128 ## - ПОЛЕ КОДИРОВАННЫХ ДАННЫХ: МУЗЫКАЛЬНАЯ ФОРМА, ТОНАЛЬНОСТЬ И ЛАД
Музыкальная форма opf
145 0# - ПОЛЕ КОДИРОВАННЫХ ДАННЫХ: СРЕДСТВО ИСПОЛНЕНИЯ МУЗЫКАЛЬНОГО ПРОИЗВЕДЕНИЯ (УСТАРЕВШЕЕ)
Тип средства исполнения c
200 1# - ЗАГЛАВИЕ И СВЕДЕНИЯ ОБ ОТВЕТСТВЕННОСТИ
Основное заглавие Мнимая садовница
Общее обозначение материала Ноты
Сведения, относящиеся к заглавию зингшпиль в 2 актах
-- KV 196
Первые сведения об ответственности В. А. Моцарт
Последующие сведения об ответственности немецкое либретто А. Кольтеллини, редакция оперы и версии либретто Ю. Димитрина
208 ## - ОБЛАСТЬ СПЕЦИФИЧЕСКИХ СВЕДЕНИЙ: НОТНЫЕ ИЗДАНИЯ
Форма изложения нотного текста Клавир
210 ## - ПУБЛИКАЦИЯ, РАСПРОСТРАНЕНИЕ И ДР.
Место издания, распространения и т.д. Санкт-Петербург
Имя издателя, распространителя и т. д. Лань
-- Планета музыки
Дата издания, распространения и т.д. 2018
215 ## - ФИЗИЧЕСКАЯ ХАРАКТЕРИСТИКА
Специфическое обозначение материала и объем 243, [5] с
Другие сведения о физической характеристике ил.
Размеры 29 см
225 1# - СЕРИЯ
Основное заглавие серии Клавиры классических опер и оперетт в редакции Юрия Димитрина
313 ## - ПРИМЕЧАНИЯ, ОТНОСЯЩИЕСЯ К ТЕМАТИЧЕСКОМУ ДОСТУПУ
Текст примечания Систематизация документа проведена по изданию - Методика классифицирования музыкальных произведений (нотных изданий) по таблицам Библиотечно-библиографических классификаций : метод. рекомендации / Гос. б-ка СССР им. В.И. Ленина.- М., 1977. Индексу ББК методических рекомендаций присваивается код ББК для научных библиотек - LBC/SL
606 1# - НАИМЕНОВАНИЕ ТЕМЫ КАК ПРЕДМЕТ
Наименование темы Зингшпиль
Географический подзаголовок Австрия
Хронологический подзаголовок 18 в.
Код системы nlr_sh
686 ## - ИНДЕКСЫ ДРУГИХ КЛАССИФИКАЦИЙ
Индекс Щ971(4А)Фп
Издание LBC/SL
Код системы
700 #1 - ИМЯ ЛИЦА - ПЕРВИЧНАЯ ОТВЕТСТВЕННОСТЬ
Системный номер авторитетной/нормативной записи z01790
Начальный элемент ввода Моцарт
Часть имени, кроме начального элемента ввода В. А.
Даты 1756-1791
Расширение инициалов личного имени Вольфганг Амадей
Код отношения Композитор
Графика поля Кириллица
702 #1 - ИМЯ ЛИЦА - ВТОРИЧНАЯ ОТВЕТСТВЕННОСТЬ
Системный номер авторитетной/нормативной записи z02790
Начальный элемент ввода Кольтеллини
Часть имени, кроме начального элемента ввода А.
Код отношения Автор <книги> оперы, балета или другого музыкального произведения
Графика поля Кириллица
702 #1 - ИМЯ ЛИЦА - ВТОРИЧНАЯ ОТВЕТСТВЕННОСТЬ
Системный номер авторитетной/нормативной записи z03790
Начальный элемент ввода Димитрин
Часть имени, кроме начального элемента ввода Ю. Г.
Даты 1934-
Расширение инициалов личного имени Юрий Георгиевич
Код отношения Автор <книги> оперы, балета или другого музыкального произведения
Графика поля Кириллица
790 #1 - ИМЯ ЛИЦА - АЛЬТЕРНАТИВНАЯ ФОРМА
Системный номер авторитетной/нормативной записи z01700
Начальный элемент ввода Mozart
Часть имени, кроме начального элемента ввода W. A.
Даты 1756-1791
Расширение инициалов личного имени Wolfgang Amadeus
Код отношения Композитор
Графика поля Латинская
790 #1 - ИМЯ ЛИЦА - АЛЬТЕРНАТИВНАЯ ФОРМА
Системный номер авторитетной/нормативной записи z02702
Начальный элемент ввода Kol`tellini
Часть имени, кроме начального элемента ввода A
Код отношения Автор <книги> оперы, балета или другого музыкального произведения
Графика поля Латинская
790 #1 - ИМЯ ЛИЦА - АЛЬТЕРНАТИВНАЯ ФОРМА
Системный номер авторитетной/нормативной записи z03702
Начальный элемент ввода Dimitrin
Часть имени, кроме начального элемента ввода J. G.
Даты 1934-
Расширение инициалов личного имени Jurij Georgievič
Код отношения Автор <книги> оперы, балета или другого музыкального произведения
Графика поля Латинская
801 #0 - ИСТОЧНИК ЗАПИСИ
Страна Российская Федерация
Организация NLR
Дата составления 20181116
Правила каталогизации PSBO
801 #1 - ИСТОЧНИК ЗАПИСИ
Страна Российская Федерация
Организация NLR
Дата составления 20181116
Источник данных rusmarc
801 #2 - ИСТОЧНИК ЗАПИСИ
Страна Российская Федерация
Организация NLR
Дата составления 20191017
852 ## - МЕСТОНАХОЖДЕНИЕ И ШИФР ХРАНЕНИЯ
Идентификатор организации NLR
Наименование фонда или коллекции (Sub-Location Identifier) М
Шифр хранения (Call Number) 986/981
Страна
Номер экземпляра 1
942 ## - ДОПОЛНИТЕЛЬНЫЕ ЭЛЕМЕНТЫ ЗАПИСИ (АБИС)
Тип экземпляра АБИС Ноты
980 ## - КОЛЛЕКЦИЯ
Название коллекции Национальная библиография
980 ## - КОЛЛЕКЦИЯ
Название коллекции Отдел нот и звукозаписей
Экземпляры
Тип экземпляра Дата поступления Библиотека постоянного хранения Библиотека текущего хранения Место хранения Шифр хранения Статус экземпляра
Ноты 16.11.2018 РНБ (Московский) РНБ (Московский) Фонд нот и звукозаписей 986/981 986/981